Normal view
MARC view
- Afna Sharin E P
Entry Personal Name
001 - CONTROL NUMBER
- control field: 6203
003 - CONTROL NUMBER IDENTIFIER
- control field: OSt
005 - DATE AND TIME OF LATEST TRANSACTION
- control field: 20240626120732.0
008 - FIXED-LENGTH DATA ELEMENTS
- fixed length control field: 240626|| aca||aabn | a|a d
040 ## - CATALOGING SOURCE
- Original cataloging agency: OSt
- Transcribing agency: OSt
100 ## - HEADING--PERSONAL NAME
- Personal name: Afna Sharin E P
670 ## - SOURCE DATA FOUND
- Source citation: Work cat.: (OSt)18088: Sumith S Raju 6200, Finite element analysis of soft robotic gripper for pineapple harvesting /, 2024.
